[Event "13. Dubai open 2011"]
[Site "Dubai UAE"]
[Date "2011.04.16"]
[Round "6.28"]
[White "Ghader Pour, Shayesteh"]
[Black "Ashwin, Jayaram"]
[Result "0-1"]
[WhiteElo "2241"]
[BlackElo "2439"]
[PlyCount "84"]
[EventDate "2011.04.10"]
[EventType "swiss"]
[EventRounds "9"]
[EventCountry "UAE"]
[Source "lmi"]
[SourceDate "2011.04.09"]

1. e4 c5 2. Nf3 d6 3. d4 cxd4 4. Nxd4 Nf6 5. Nc3 Nc6 6. Be2 e5 7. Nf3 h6 8. O-O
Be7 9. h3 O-O 10. Nh2 Nd4 11. Ng4 Nxe2+ 12. Qxe2 Be6 13. Nxf6+ Bxf6 14. Rd1 Qd7
15. Nd5 Bd8 16. Be3 f5 17. exf5 Bxf5 18. c4 Qf7 19. a4 Qg6 20. Kh2 Rf7 21. a5
Bh4 22. Nc3 Raf8 23. g3 Bg5 24. Bxa7 Qe6 25. Ne4 Be7 26. g4 Bg6 27. Ra3 Rf4 28.
f3 h5 29. Nd2 hxg4 30. fxg4 d5 31. cxd5 Qxd5 32. Nf3 Re4 33. Be3 Qf7 34. Kg3
Bxa3 35. bxa3 Qb3 36. Rd3 Rxg4+ 37. hxg4 Bxd3 38. Qd2 Qd5 39. Ne1 Bc4 40. Qxd5+
Bxd5 41. Bc5 Rf1 42. Bf2 Be4 0-1

[Event "13. Dubai open 2011"]
[Site "Dubai UAE"]
[Date "2011.04.16"]
[Round "6.29"]
[White "Anwesh, Upadhyaya"]
[Black "Surendran, N."]
[Result "0-1"]
[WhiteElo "2432"]
[BlackElo "2146"]
[PlyCount "62"]
[EventDate "2011.04.10"]
[EventType "swiss"]
[EventRounds "9"]
[EventCountry "UAE"]
[Source "lmi"]
[SourceDate "2011.04.09"]

1. g3 Nf6 2. Bg2 e5 3. c4 Bc5 4. Nc3 c6 5. e3 Qe7 6. Nge2 d6 7. O-O h5 8. d4
Bb6 9. b4 h4 10. c5 dxc5 11. bxc5 Bc7 12. d5 cxd5 13. Nb5 a6 14. Qa4 O-O 15.
Nxc7 Qxc7 16. Qxh4 Qxc5 17. Bd2 Nc6 18. Rac1 Qa3 19. Nc3 e4 20. Nb1 Qe7 21. Bc3
Ne5 22. Nd2 Bd7 23. Rb1 Bb5 24. Bb4 Qe8 25. Bxf8 Qxf8 26. Rfc1 Qa3 27. Qg5 Re8
28. Rc2 Ba4 29. Nb3 Nd3 30. Bf1 Re5 31. Qh4 Rh5 0-1

[Event "13. Dubai open 2011"]
[Site "Dubai UAE"]
[Date "2011.04.16"]
[Round "6.30"]
[White "Al-Tarbosh, Ward"]
[Black "Ramnath, Bhuvanesh"]
[Result "0-1"]
[WhiteElo "2230"]
[BlackElo "2425"]
[PlyCount "128"]
[EventDate "2011.04.10"]
[EventType "swiss"]
[EventRounds "9"]
[EventCountry "UAE"]
[Source "lmi"]
[SourceDate "2011.04.09"]

1. Nf3 Nf6 2. d4 g6 3. Bg5 Bg7 4. Nbd2 O-O 5. e4 d5 6. e5 Ne4 7. Be3 c5 8. dxc5
Qc7 9. c4 d4 10. Nxd4 Nxd2 11. Qxd2 Qxe5 12. f4 Qf6 13. Nb5 Nc6 14. Be2 Rd8 15.
Qc1 Bf5 16. O-O Rac8 17. Bf3 Rd7 18. Bxc6 bxc6 19. Nc3 Qe6 20. Rd1 Rxd1+ 21.
Nxd1 Rd8 22. Nf2 Rb8 23. Nd1 Rd8 24. Nf2 Bxb2 25. Qxb2 Qxe3 26. Qe5 Qxe5 27.
fxe5 Rd4 28. Rc1 Be6 29. a3 Bxc4 30. Rd1 Rxd1+ 31. Nxd1 f6 32. exf6 exf6 33.
Kf2 Kf7 34. Ke3 Ke6 35. Kd4 Ba6 36. Ne3 f5 37. g3 g5 38. Ng2 Bf1 39. Ne3 Bb5
40. Ng2 h6 41. Ne3 Be2 42. Nc2 Bf3 43. Nb4 f4 44. gxf4 gxf4 45. Nd3 Kf5 46. Nf2
Bd5 47. Kd3 h5 48. Kd4 Bg2 49. Nd3 Bd5 50. h4 Be4 51. Nf2 Bb1 52. Nd1 Be4 53.
Nf2 Bd5 54. a4 a5 55. Nd3 Bb3 56. Ne5 Bxa4 57. Nc4 Bb5 58. Nxa5 Kg4 59. Nb7
Kxh4 60. Nd6 Be2 61. Nf7 Kg3 62. Ne5 f3 63. Ke3 f2 64. Kxe2 Kg2 0-1

[Event "13. Dubai open 2011"]
[Site "Dubai UAE"]
[Date "2011.04.16"]
[Round "6.32"]
[White "Prathamesh, Sunil Mokal"]
[Black "El Jawich, Amro"]
[Result "1-0"]
[WhiteElo "2405"]
[BlackElo "2109"]
[PlyCount "65"]
[EventDate "2011.04.10"]
[EventType "swiss"]
[EventRounds "9"]
[EventCountry "UAE"]
[Source "lmi"]
[SourceDate "2011.04.09"]

1. e4 c5 2. Nf3 d6 3. d4 cxd4 4. Nxd4 Nf6 5. Nc3 a6 6. Be2 e5 7. Nb3 Be7 8. O-O
O-O 9. Re1 Be6 10. Bf3 Nbd7 11. a4 Qc7 12. Be3 Rac8 13. a5 Nc5 14. Nxc5 dxc5
15. Na4 Qc6 16. Bd2 Rcd8 17. Qe2 Rd4 18. Nb6 Nd7 19. Nd5 Bxd5 20. exd5 Qd6 21.
c3 Rxd5 22. Bxd5 Qxd5 23. c4 Qc6 24. Bc3 Bd8 25. Rad1 Bc7 26. Qd2 Rd8 27. Bxe5
Nf8 28. Qxd8 Bxd8 29. Rxd8 Qe6 30. Rxf8+ Kxf8 31. Bxg7+ Kxg7 32. Rxe6 fxe6 33.
Kf1 1-0

[Event "13. Dubai open 2011"]
[Site "Dubai UAE"]
[Date "2011.04.16"]
[Round "6.33"]
[White "Carlstedt, Jonathan"]
[Black "Mehdi, Samer"]
[Result "1-0"]
[WhiteElo "2386"]
[BlackElo "2078"]
[PlyCount "77"]
[EventDate "2011.04.10"]
[EventType "swiss"]
[EventRounds "9"]
[EventCountry "UAE"]
[Source "lmi"]
[SourceDate "2011.04.09"]

1. c4 e6 2. g3 Nf6 3. Bg2 d5 4. Nf3 Be7 5. O-O O-O 6. b3 b6 7. Bb2 Bb7 8. cxd5
exd5 9. Qc2 a5 10. Nd4 Re8 11. Nf5 Bc5 12. d3 Na6 13. Qd2 h6 14. Qf4 Rxe2 15.
Nxh6+ Kf8 16. Bxf6 Qxf6 17. Qxf6 gxf6 18. Nc3 Re5 19. Ng4 Bd4 20. Nxe5 Bxc3 21.
Ng4 Bxa1 22. Rxa1 a4 23. Nxf6 Nb4 24. bxa4 Ke7 25. a3 Rxa4 26. Rc1 Kxf6 27.
axb4 c6 28. Rb1 Ke5 29. h4 Kd4 30. b5 c5 31. Re1 Bc8 32. Re8 Be6 33. h5 Ra1+
34. Kh2 Kxd3 35. h6 Bf5 36. Bxd5 c4 37. g4 Bg6 38. Bxf7 Bxf7 39. Rd8+ 1-0

[Event "13. Dubai open 2011"]
[Site "Dubai UAE"]
[Date "2011.04.16"]
[Round "6.34"]
[White "Arellano, Robert"]
[Black "Pourkashiyan, Atousa"]
[Result "0-1"]
[WhiteElo "2060"]
[BlackElo "2371"]
[PlyCount "140"]
[EventDate "2011.04.10"]
[EventType "swiss"]
[EventRounds "9"]
[EventCountry "UAE"]
[Source "lmi"]
[SourceDate "2011.04.09"]

1. d4 Nf6 2. e3 e6 3. f4 c5 4. Nf3 b6 5. Be2 Bb7 6. O-O Be7 7. c3 O-O 8. a4 d6
9. b4 Nbd7 10. Bd2 Rc8 11. Ra2 Ne4 12. Be1 Ndf6 13. Bd3 Qd7 14. a5 cxb4 15.
cxb4 Rc7 16. b5 Rfc8 17. Qe2 Bd5 18. axb6 axb6 19. Ra6 Rb8 20. Ng5 Nxg5 21.
fxg5 Ne4 22. h4 Rc1 23. Nd2 Qb7 24. Nc4 Qc7 25. Nd2 Qb7 26. Nc4 Bxc4 27. Bxc4
d5 28. Bd3 Bd6 29. Qa2 Qe7 30. Ra7 Rc7 31. Ra6 Qd7 32. Bxe4 dxe4 33. Qb1 Qe8
34. Ra2 Rbc8 35. Rb2 Rc1 36. Qxe4 Qd7 37. h5 Bb8 38. g4 g6 39. hxg6 fxg6 40.
Qf3 Bd6 41. Rbf2 Rf8 42. Qe4 Rxf2 43. Bxf2 Rxf1+ 44. Kxf1 Qxb5+ 45. Kg2 Qd5 46.
Kf3 b5 47. Qxd5 exd5 48. Ke2 Be7 49. Kd3 Bxg5 50. Kc3 Be7 51. Bg3 Kf7 52. Bc7
Ke6 53. Kd3 Bd6 54. Bd8 h5 55. gxh5 gxh5 56. e4 Bg3 57. Ba5 h4 58. Ke3 h3 59.
exd5+ Kxd5 60. Kf3 Bd6 61. Kf2 Kxd4 62. Kg1 Kc4 63. Kh1 Be5 64. Bd2 Bc3 65. Bf4
b4 66. Kh2 b3 67. Bc1 Kd3 68. Kxh3 Kc2 69. Ba3 Bd2 70. Kg2 Bc1 0-1

[Event "13. Dubai open 2011"]
[Site "Dubai UAE"]
[Date "2011.04.16"]
[Round "6.35"]
[White "Greeff, Melissa"]
[Black "Sai, Krishna"]
[Result "0-1"]
[WhiteElo "2080"]
[BlackElo "2349"]
[PlyCount "88"]
[EventDate "2011.04.10"]
[EventType "swiss"]
[EventRounds "9"]
[EventCountry "UAE"]
[Source "lmi"]
[SourceDate "2011.04.09"]

1. e4 c5 2. Nf3 d6 3. d3 Nc6 4. c3 e5 5. g3 g6 6. Bg2 Bg7 7. O-O Nge7 8. a3 a5
9. a4 O-O 10. Na3 h6 11. Nd2 f5 12. f4 exf4 13. gxf4 Be6 14. Nb5 Kh7 15. Qe2
Bg8 16. Nf3 Qd7 17. Be3 Rae8 18. Bh3 Qd8 19. Nd2 b6 20. Qf2 Qb8 21. Qg3 Rd8 22.
Nf3 Be6 23. Nh4 Bf6 24. Kh1 Qc8 25. Bg2 Rg8 26. Nf3 fxe4 27. dxe4 Rgf8 28. Rfd1
d5 29. exd5 Nxd5 30. Ne5 Nce7 31. Be4 Bxe5 32. fxe5 Nf5 33. Bxf5 Bxf5 34. Kg1
Qe6 35. Re1 Bg4 36. Rf1 Bf5 37. Rfe1 Rde8 38. Nd6 Re7 39. Bd2 Bh3 40. Qh4 g5
41. Qe4+ Kg7 42. Qd3 Nf4 43. Qg3 Nh5 44. Qe3 Qg4+ 0-1

[Event "13. Dubai open 2011"]
[Site "Dubai UAE"]
[Date "2011.04.16"]
[Round "6.37"]
[White "Khukhashvili, Sopiko"]
[Black "Feldman, Vladimir"]
[Result "1-0"]
[WhiteElo "2421"]
[BlackElo "2270"]
[PlyCount "82"]
[EventDate "2011.04.10"]
[EventType "swiss"]
[EventRounds "9"]
[EventCountry "UAE"]
[Source "lmi"]
[SourceDate "2011.04.09"]

1. e4 c5 2. Nf3 d6 3. d4 cxd4 4. Nxd4 Nf6 5. Nc3 a6 6. h3 e5 7. Nde2 h5 8. g3
Nc6 9. Bg2 Be6 10. a4 Be7 11. Nd5 Nd7 12. Be3 h4 13. Nxe7 Qxe7 14. g4 Rd8 15.
Nc3 Nf8 16. Qd2 Ng6 17. O-O O-O 18. Rfd1 Qc7 19. Bf1 Rfe8 20. Be2 Rd7 21. Kh1
Nb4 22. Bd3 Nc6 23. Nd5 Bxd5 24. exd5 Nce7 25. c4 e4 26. Be2 a5 27. Bd4 Nc8 28.
Rac1 b6 29. Qe3 Rde7 30. Rc3 Qd7 31. b3 Ne5 32. Qg5 Ng6 33. Re1 Qd8 34. Bd1 e3
35. f3 e2 36. Bc2 Qd7 37. Kh2 Re5 38. Qd2 Qe7 39. Bxg6 fxg6 40. Bxe5 Qxe5+ 41.
f4 Qe4 1-0

[Event "13. Dubai open 2011"]
[Site "Dubai UAE"]
[Date "2011.04.16"]
[Round "6.38"]
[White "Tania, Sachdev"]
[Black "Das, Sayantan"]
[Result "1/2-1/2"]
[WhiteElo "2407"]
[BlackElo "2268"]
[PlyCount "88"]
[EventDate "2011.04.10"]
[EventType "swiss"]
[EventRounds "9"]
[EventCountry "UAE"]
[Source "lmi"]
[SourceDate "2011.04.09"]

1. d4 d5 2. c4 e6 3. Nc3 Nf6 4. cxd5 exd5 5. Bf4 c6 6. e3 Bf5 7. Nge2 Bd6 8.
Bxd6 Qxd6 9. Ng3 Bg6 10. Bd3 Qb4 11. Rb1 Bxd3 12. Qxd3 O-O 13. O-O Nbd7 14.
Nce2 Rfe8 15. a3 Qf8 16. Nf4 g6 17. Rbc1 h5 18. b4 h4 19. Nge2 a6 20. Nh3 Ne4
21. Nef4 Ndf6 22. Qe2 Nd6 23. Nd3 Nc4 24. a4 a5 25. bxa5 Rxa5 26. Rb1 Re7 27.
Rb4 Qa8 28. Qf3 Kg7 29. Qf4 Rxa4 30. Rxa4 Qxa4 31. Qxh4 Nd2 32. Re1 Re4 33.
Nhf4 Re8 34. Ne5 Nde4 35. Nfd3 b5 36. f3 Rh8 37. Qf4 Nc3 38. Nxf7 Qc2 39. Qc7
Ne2+ 40. Rxe2 Qxe2 41. Nfe5+ Kh6 42. Nf7+ Kg7 43. Ng5+ Kh6 44. Nf7+ Kg7 1/2-1/2

[Event "13. Dubai open 2011"]
[Site "Dubai UAE"]
[Date "2011.04.16"]
[Round "6.39"]
[White "Fenil, Shah"]
[Black "Semiev, Suhrab"]
[Result "0-1"]
[WhiteElo "2282"]
[BlackElo "2406"]
[PlyCount "126"]
[EventDate "2011.04.10"]
[EventType "swiss"]
[EventRounds "9"]
[EventCountry "UAE"]
[Source "lmi"]
[SourceDate "2011.04.09"]

1. e4 d6 2. d4 Nf6 3. Nc3 c6 4. g3 b5 5. Bg2 a6 6. Nge2 Qc7 7. O-O e5 8. h3 Be7
9. Be3 O-O 10. a3 Re8 11. g4 Bf8 12. f4 exd4 13. Bxd4 Nfd7 14. Bf2 Bb7 15. Qd4
Qc8 16. Qd2 Qc7 17. Qd4 Qd8 18. Rad1 c5 19. Qd2 Nc6 20. e5 Na5 21. b3 Bxg2 22.
Kxg2 Nb7 23. Ne4 Qc7 24. N2g3 Nb6 25. Nxd6 Nxd6 26. exd6 Qc6+ 27. Kg1 Rad8 28.
Qc3 Rxd6 29. Nf5 Rde6 30. Ng3 Nd5 31. Qf3 Ne7 32. Kg2 Qxf3+ 33. Kxf3 Nc6 34. c3
Na5 35. b4 Nc4 36. Rd3 Nxa3 37. bxc5 Nc4 38. Nf5 Rc6 39. Rd5 g6 40. Ng3 Rce6
41. Rd3 Nb2 42. Rd5 Na4 43. Rc1 Rc8 44. Ne4 Rec6 45. Bd4 Be7 46. Rd7 R8c7 47.
Rxc7 Rxc7 48. c4 b4 49. Ra1 Nxc5 50. Bxc5 Bxc5 51. Rxa6 Be7 52. Nd2 Rd7 53. Ke3
Bc5+ 54. Ke2 Re7+ 55. Kd3 Re3+ 56. Kc2 Rxh3 57. Ne4 b3+ 58. Kd2 Be3+ 59. Kd1
Bxf4 60. Nf6+ Kg7 61. Rb6 Rh1+ 62. Ke2 b2 63. Nd5 Be5 0-1

[Event "13. Dubai open 2011"]
[Site "Dubai UAE"]
[Date "2011.04.16"]
[Round "6.41"]
[White "El Arousy, Abdul Hameed"]
[Black "Hayrapetian, Ovik"]
[Result "1/2-1/2"]
[WhiteElo "2238"]
[BlackElo "2390"]
[PlyCount "137"]
[EventDate "2011.04.10"]
[EventType "swiss"]
[EventRounds "9"]
[EventCountry "UAE"]
[Source "lmi"]
[SourceDate "2011.04.09"]

1. Nf3 d5 2. d4 Nf6 3. c4 dxc4 4. Nc3 a6 5. a4 Nc6 6. Bg5 Bg4 7. e3 Na5 8. Be2
c6 9. O-O Bxf3 10. Bxf3 e6 11. Qc2 h6 12. Bxf6 gxf6 13. Ne4 Bb4 14. Ng3 Ke7 15.
Rad1 Qc7 16. e4 h5 17. d5 h4 18. dxe6 fxe6 19. Ne2 Qe5 20. g3 Rag8 21. Kg2 b5
22. axb5 axb5 23. Ra1 Rd8 24. Rfd1 Rxd1 25. Rxd1 Nb3 26. Nf4 Rg8 27. Nd3 cxd3
28. Qxb3 Bd6 29. Qxd3 Rd8 30. Qc2 hxg3 31. hxg3 Rg8 32. Qd3 Kd7 33. Qa3 Ke7 34.
Qd3 Rg7 35. Rd2 c5 36. b3 c4 37. bxc4 bxc4 38. Qxc4 Rxg3+ 39. fxg3 Qxg3+ 40.
Kf1 Qxf3+ 41. Rf2 Qh1+ 42. Ke2 Bg3 43. Qb4+ Bd6 44. Qb7+ Kd8 45. Rxf6 Qg2+ 46.
Kd3 Qa2 47. Rf7 Qa3+ 48. Ke2 Qa2+ 49. Kd3 Qa3+ 50. Kc2 Qa4+ 51. Kd3 Qd1+ 52.
Kc4 Qc2+ 53. Kd4 Qd2+ 54. Kc4 Qc2+ 55. Kd4 Qd1+ 56. Ke3 Qe1+ 57. Kf3 Qf1+ 58.
Kg4 Qg2+ 59. Kh5 Qh3+ 60. Kg5 Qg3+ 61. Kh5 Qh3+ 62. Kg5 Qg3+ 63. Kh5 Qh3+ 64.
Kg6 Qg4+ 65. Kh7 Qh5+ 66. Kg8 Qg6+ 67. Rg7 Qe8+ 68. Kh7 Qh5+ 69. Kg8 1/2-1/2

[Event "13. Dubai open 2011"]
[Site "Dubai UAE"]
[Date "2011.04.16"]
[Round "6.42"]
[White "Zozulia, Anna"]
[Black "Ilhomzoda, Ikrom"]
[Result "1-0"]
[WhiteElo "2369"]
[BlackElo "2184"]
[PlyCount "106"]
[EventDate "2011.04.10"]
[EventType "swiss"]
[EventRounds "9"]
[EventCountry "UAE"]
[Source "lmi"]
[SourceDate "2011.04.09"]

1. e4 e5 2. Nf3 d6 3. d4 Qe7 4. dxe5 dxe5 5. Nc3 c6 6. a4 a5 7. Bc4 g6 8. O-O
Nh6 9. b3 f6 10. Qe2 Nf7 11. Ba3 Qc7 12. Bxf8 Kxf8 13. Bxf7 Kxf7 14. Nd2 Be6
15. Nc4 Nd7 16. Rad1 Rhd8 17. Nd6+ Kg7 18. Rd2 Nf8 19. Rfd1 Rd7 20. Rd3 Re7 21.
f4 exf4 22. e5 f5 23. Qf3 Bg8 24. Qxf4 Ne6 25. Qh4 Rf8 26. Ne8+ Rexe8 27. Rd7+
Rf7 28. Rxc7 Nxc7 29. Rd8 Ree7 30. Rd6 Ne6 31. Ne2 g5 32. Qh5 Rf8 33. Nd4 h6
34. g4 fxg4 35. Qxg4 Nxd4 36. Qxd4 Rf4 37. Qd3 Bh7 38. Qh3 Rh4 39. Qc8 Re4 40.
Rf6 Rf7 41. Rxf7+ Kxf7 42. Qxb7+ Kg6 43. Qxc6+ Kh5 44. e6 Bf5 45. Qe8+ Bg6 46.
Qd7 Kh4 47. e7 Bh5 48. Qd6 g4 49. Kf2 Be8 50. Qxh6+ Bh5 51. Qf6+ Kh3 52. Qf5
Bg6 53. Qxg6 Rxe7 1-0

[Event "13. Dubai open 2011"]
[Site "Dubai UAE"]
[Date "2011.04.16"]
[Round "6.43"]
[White "Mohannad, Farhan"]
[Black "Nitin, S."]
[Result "0-1"]
[WhiteElo "2221"]
[BlackElo "2365"]
[PlyCount "114"]
[EventDate "2011.04.10"]
[EventType "swiss"]
[EventRounds "9"]
[EventCountry "UAE"]
[Source "lmi"]
[SourceDate "2011.04.09"]

1. d4 Nf6 2. c4 g6 3. Nc3 Bg7 4. e4 d6 5. Nge2 O-O 6. Ng3 h5 7. Be2 Nbd7 8. Bg5
Nh7 9. Be3 c5 10. d5 Ne5 11. Qd2 h4 12. Nf1 h3 13. gxh3 Bxh3 14. f4 Ng4 15.
Bxg4 Bxg4 16. Qg2 Bd7 17. f5 Nf6 18. Rg1 b5 19. cxb5 Qa5 20. Bd2 a6 21. fxg6
Ng4 22. Qh3 Nf6 23. Qh4 Qb4 24. O-O-O axb5 25. Bh6 Ra3 26. Rg3 Rxc3+ 27. bxc3
Qa3+ 28. Kb1 Qa4 29. Re1 b4 30. c4 Qa6 31. gxf7+ Rxf7 32. Bxg7 Rxg7 33. Rxg7+
Kxg7 34. e5 Bf5+ 35. Ka1 dxe5 36. Rxe5 b3 37. Rxe7+ Kg8 38. Qg3+ Ng4 39. Re2
Qxc4 40. Qe1 Qd4+ 41. Rb2 c4 42. Qd2 Bd3 43. h4 c3 44. Qg5+ Kf7 45. Qc1 cxb2+
46. Qxb2 Qg1 47. Qc1 Qxf1 48. Qxf1+ Bxf1 49. axb3 Ne3 50. d6 Ke6 51. Kb2 Kxd6
52. h5 Nf5 53. Kc3 Be2 54. h6 Nxh6 55. Kd4 Kc6 56. b4 Kb5 57. Kc3 Nf5 0-1

[Event "13. Dubai open 2011"]
[Site "Dubai UAE"]
[Date "2011.04.16"]
[Round "6.44"]
[White "Udeshi, Aditya"]
[Black "Kowsarinia, Amir"]
[Result "0-1"]
[WhiteElo "2362"]
[BlackElo "2168"]
[PlyCount "78"]
[EventDate "2011.04.10"]
[EventType "swiss"]
[EventRounds "9"]
[EventCountry "UAE"]
[Source "lmi"]
[SourceDate "2011.04.09"]

1. e4 c5 2. Nc3 Nc6 3. g3 g6 4. Bg2 Bg7 5. d3 d6 6. f4 e6 7. Nf3 Nge7 8. O-O
O-O 9. Be3 Rb8 10. g4 f5 11. h3 b6 12. gxf5 exf5 13. Qd2 Bb7 14. Rae1 Nd4 15.
Bxd4 cxd4 16. Nb5 Nc6 17. e5 dxe5 18. Nxe5 Nxe5 19. fxe5 Kh8 20. Bxb7 Rxb7 21.
Qf4 Rd7 22. Nd6 Qc7 23. Rf2 Qc5 24. Nc4 b5 25. e6 Rd5 26. Na3 a6 27. Rfe2 Qe7
28. Nb1 Rc5 29. c3 g5 30. Qf2 g4 31. b4 Rc6 32. cxd4 Rd6 33. Re5 Bxe5 34. dxe5
Rxd3 35. Qc5 Qg7 36. h4 Qh6 37. Nc3 Rg3+ 38. Kf2 Qf4+ 39. Ke2 Rg2+ 0-1

[Event "13. Dubai open 2011"]
[Site "Dubai UAE"]
[Date "2011.04.16"]
[Round "6.45"]
[White "Vishnu, Prasanna  V"]
[Black "Khademalsharieh, Sarasadat"]
[Result "1-0"]
[WhiteElo "2358"]
[BlackElo "2137"]
[PlyCount "101"]
[EventDate "2011.04.10"]
[EventType "swiss"]
[EventRounds "9"]
[EventCountry "UAE"]
[Source "lmi"]
[SourceDate "2011.04.09"]

1. e4 e5 2. Nf3 Nc6 3. Bb5 a6 4. Ba4 Nf6 5. d3 b5 6. Bb3 Bc5 7. Nc3 h6 8. Nd5
d6 9. c3 Be6 10. O-O Ba7 11. d4 exd4 12. cxd4 Bxd5 13. exd5 Ne7 14. a4 O-O 15.
axb5 axb5 16. Qd3 Qd7 17. Ra5 Nexd5 18. Rxb5 c6 19. Ra5 Bb6 20. Rxa8 Rxa8 21.
Bd2 Qb7 22. Re1 Rb8 23. Bc4 Qc7 24. b4 Ba7 25. Qa3 Qb7 26. h3 Bb6 27. Qd3 Ba7
28. Qa3 Bb6 29. Qd3 Ba7 30. Ra1 Qc7 31. Rb1 Qd7 32. Ba2 Bb6 33. Bb3 Re8 34. Qc4
Rc8 35. Rc1 Rc7 36. Qd3 Ba7 37. Re1 Rb7 38. Qc4 Nb6 39. Qe2 Nbd5 40. Qc4 Nb6
41. Qd3 Nbd5 42. Rb1 Kh8 43. Ba4 Rb6 44. Bc2 Qb7 45. Qc4 Qa6 46. Qb3 Qb7 47.
Nh4 Kg8 48. Nf5 Bb8 49. Qg3 g6 50. Nxh6+ Kf8 51. Qh4 1-0

[Event "13. Dubai open 2011"]
[Site "Dubai UAE"]
[Date "2011.04.16"]
[Round "6.46"]
[White "Al Razi, Naji Mohd Saeed"]
[Black "Atabayev, Maksat"]
[Result "0-1"]
[WhiteElo "2209"]
[BlackElo "2355"]
[PlyCount "66"]
[EventDate "2011.04.10"]
[EventType "swiss"]
[EventRounds "9"]
[EventCountry "UAE"]
[Source "lmi"]
[SourceDate "2011.04.09"]

1. d4 Nf6 2. c4 g6 3. Nc3 Bg7 4. g3 O-O 5. Bg2 d6 6. Nf3 Nc6 7. d5 Na5 8. Nd2
c5 9. O-O a6 10. Qc2 Rb8 11. b3 b5 12. Rb1 Bd7 13. Bb2 Bf5 14. e4 Bd7 15. Nd1
e5 16. dxe6 Bxe6 17. f4 bxc4 18. bxc4 Nc6 19. a3 Nd4 20. Qd3 Ne8 21. Bc3 Rxb1
22. Nxb1 f5 23. Nd2 Nf6 24. Re1 fxe4 25. Nxe4 Nxe4 26. Bxe4 d5 27. cxd5 Bxd5
28. Bxd4 Bxd4+ 29. Nf2 Bf7 30. Qxa6 Re8 31. Kf1 Bxf2 32. Kxf2 Qd2+ 33. Re2 Qd4+
0-1

[Event "13. Dubai open 2011"]
[Site "Dubai UAE"]
[Date "2011.04.16"]
[Round "6.47"]
[White "Nazarov, Rustem"]
[Black "Koohestani, Sh"]
[Result "0-1"]
[WhiteElo "2024"]
[BlackElo "2345"]
[PlyCount "68"]
[EventDate "2011.04.10"]
[EventType "swiss"]
[EventRounds "9"]
[EventCountry "UAE"]
[Source "lmi"]
[SourceDate "2011.04.09"]

1. e4 c5 2. Nf3 e6 3. d4 cxd4 4. Nxd4 a6 5. Nc3 Qc7 6. Be2 Nf6 7. O-O Be7 8.
Be3 d6 9. f4 Nc6 10. Qe1 Bd7 11. Qg3 h5 12. Nxc6 Bxc6 13. e5 h4 14. Qxg7 Rg8
15. exf6 Rxg7 16. fxg7 O-O-O 17. f5 d5 18. fxe6 Qe5 19. Bb6 Bd6 20. Bxd8 Qxh2+
21. Kf2 Qg3+ 22. Kg1 Bc5+ 23. Kh1 h3 24. Bf3 hxg2+ 25. Bxg2 d4 26. Ne4 Bxe4 27.
Bxe4 Qh3+ 28. Kg1 d3+ 29. Rf2 Qg3+ 30. Bg2 Bxf2+ 31. Kf1 Be3 32. Bh4 Qf4+ 33.
Ke1 Qxh4+ 34. Kd1 Qg4+ 0-1

[Event "13. Dubai open 2011"]
[Site "Dubai UAE"]
[Date "2011.04.16"]
[Round "6.48"]
[White "Abdulov, Orkhan Javanshir Og"]
[Black "Marcos Marvin"]
[Result "1/2-1/2"]
[WhiteElo "2327"]
[BlackElo "2134"]
[PlyCount "134"]
[EventDate "2011.04.10"]
[EventType "swiss"]
[EventRounds "9"]
[EventCountry "UAE"]
[Source "lmi"]
[SourceDate "2011.04.09"]

1. e4 e6 2. d4 d5 3. Nd2 Nf6 4. e5 Nfd7 5. Bd3 c5 6. c3 Nc6 7. Ne2 cxd4 8. cxd4
Qb6 9. Nf3 Bb4+ 10. Bd2 f6 11. exf6 Nxf6 12. O-O O-O 13. Be3 Bd6 14. Bc1 e5 15.
dxe5 Nxe5 16. Nfd4 Nfg4 17. Bc2 Nxh2 18. Kxh2 Ng4+ 19. Kg1 Bh2+ 20. Kh1 Rxf2
21. Qe1 Rxf1+ 22. Qxf1 Be5 23. Qf3 Bxd4 24. Qxd5+ Be6 25. Qxd4 Qc7 26. Nf4 Rd8
27. Qc3 Qd6 28. Be3 Bd5 29. Kg1 Qh6 30. Bf5 Qh2+ 31. Kf1 Nxe3+ 32. Qxe3 Qh1+
33. Kf2 Qxa1 34. Nxd5 Qxb2+ 35. Kg1 Kh8 36. a3 b5 37. Kh1 a5 38. Bh3 Qb1+ 39.
Kh2 Qd1 40. Nf4 Qd6 41. Kh1 b4 42. axb4 axb4 43. Be6 Qd2 44. Qe5 Qd4 45. Qg5
Qd1+ 46. Kh2 Rf8 47. g3 b3 48. Qe7 Rb8 49. Qa7 Qd8 50. Bf5 b2 51. Bb1 Qd2+ 52.
Kh3 Rd8 53. Qb6 Qd7+ 54. Kh2 Qd2+ 55. Kh3 Qd4 56. Qb3 Qd7+ 57. Kh2 Qd2+ 58. Kh3
Qf2 59. Kg4 Qd2 60. Kh3 Qf2 61. Kg4 Qd2 62. Kh3 Qc1 63. Be4 Qf1+ 64. Kh4 Qf2
65. Kh3 Qf1+ 66. Kh4 Qf2 67. Kh3 Qf1+ 1/2-1/2

[Event "13. Dubai open 2011"]
[Site "Dubai UAE"]
[Date "2011.04.16"]
[Round "6.49"]
[White "Nemcova, Katerina"]
[Black "Saleh, Nora Mohd"]
[Result "1-0"]
[WhiteElo "2289"]
[BlackElo "1884"]
[PlyCount "51"]
[EventDate "2011.04.10"]
[EventType "swiss"]
[EventRounds "9"]
[EventCountry "UAE"]
[Source "lmi"]
[SourceDate "2011.04.09"]

1. e4 c5 2. Nf3 a6 3. c3 d5 4. exd5 Qxd5 5. d4 Nf6 6. Be2 e6 7. O-O Be7 8. Be3
cxd4 9. cxd4 Nc6 10. Nc3 Qd6 11. Rc1 Nb4 12. Ne5 Nbd5 13. Qa4+ Bd7 14. Nxd7
Nxd7 15. Nxd5 exd5 16. Bg4 Rd8 17. g3 b5 18. Qc2 O-O 19. Rfe1 Bf6 20. Bf4 Qb4
21. Bc7 Qxd4 22. Bxd8 Qxg4 23. Be7 Bxe7 24. Rxe7 Nf6 25. Rc7 Qe4 26. Qc6 1-0

[Event "13. Dubai open 2011"]
[Site "Dubai UAE"]
[Date "2011.04.16"]
[Round "7.2"]
[White "Balogh, Csaba"]
[Black "Aleksandrov, Aleksej"]
[Result "1/2-1/2"]
[WhiteElo "2601"]
[BlackElo "2638"]
[PlyCount "45"]
[EventDate "2011.04.10"]
[EventType "swiss"]
[EventRounds "9"]
[EventCountry "UAE"]
[Source "lmi"]
[SourceDate "2011.04.09"]

1. e4 e5 2. Nf3 Nc6 3. Bb5 Nf6 4. d3 d6 5. O-O Bd7 6. Re1 Be7 7. c3 O-O 8. Nbd2
Re8 9. Nf1 Bf8 10. Ng3 h6 11. h3 Ne7 12. Bxd7 Qxd7 13. d4 Ng6 14. Qc2 c6 15.
Be3 b5 16. a4 a6 17. b3 Qb7 18. Rad1 Rab8 19. Rb1 Ra8 20. Rbd1 Rab8 21. Rb1 Ra8
22. Rbd1 Rab8 23. Rb1 1/2-1/2

[Event "13. Dubai open 2011"]
[Site "Dubai UAE"]
[Date "2011.04.16"]
[Round "7.3"]
[White "Fedorov, Alexei"]
[Black "Volkov, Sergey"]
[Result "1/2-1/2"]
[WhiteElo "2596"]
[BlackElo "2621"]
[PlyCount "41"]
[EventDate "2011.04.10"]
[EventType "swiss"]
[EventRounds "9"]
[EventCountry "UAE"]
[Source "lmi"]
[SourceDate "2011.04.09"]

1. e4 e6 2. d4 d5 3. Nd2 Nf6 4. e5 Nfd7 5. Bd3 c5 6. c3 Nc6 7. Ne2 cxd4 8. cxd4
f6 9. exf6 Nxf6 10. O-O Bd6 11. Nf3 O-O 12. Bf4 Bxf4 13. Nxf4 Ne4 14. g3 Qf6
15. h4 h6 16. Kg2 Bd7 17. Bb5 Nb8 18. Bd3 Nc6 19. Bb5 Nb8 20. Bd3 Nc6 21. Bb5
1/2-1/2

[Event "13. Dubai open 2011"]
[Site "Dubai UAE"]
[Date "2011.04.16"]
[Round "7.4"]
[White "Hammer, Jon Ludvig"]
[Black "Amin, Bassem"]
[Result "1-0"]
[WhiteElo "2606"]
[BlackElo "2596"]
[PlyCount "64"]
[EventDate "2011.04.10"]
[EventType "swiss"]
[EventRounds "9"]
[EventCountry "UAE"]
[Source "lmi"]
[SourceDate "2011.04.09"]

1. d4 Nf6 2. c4 e6 3. Nf3 Bb4+ 4. Nbd2 b6 5. a3 Bxd2+ 6. Qxd2 O-O 7. e3 Bb7 8.
Be2 d6 9. O-O Nbd7 10. b4 Ne4 11. Qc2 f5 12. d5 e5 13. Nd2 Nxd2 14. Bxd2 Qe7
15. f3 Rf6 16. Be1 h6 17. a4 f4 18. a5 fxe3 19. Qe4 Nf8 20. f4 Qf7 21. fxe5
Rxf1+ 22. Bxf1 Re8 23. Bg3 b5 24. Rd1 Qh5 25. Re1 Nd7 26. Qxe3 bxc4 27. Qxa7
Bxd5 28. exd6 Rxe1 29. Bxe1 Ne5 30. dxc7 Nf3+ 31. gxf3 Qxf3 32. c8=Q+ Kh7 1-0